|
|
|
|
| LEADER |
01306nam a2200301 a 4500 |
| 001 |
1351752 |
| 008 |
900510s1991 nyua b i001 0 eng d |
| 020 |
|
|
|a 9280610538
|
| 040 |
|
|
|a IQU
|c IQU
|d CFI
|
| 082 |
0 |
0 |
|a 370.951
|2 20
|
| 100 |
|
|
|a Ahmed, Manzoor.
|
| 245 |
0 |
0 |
|a Basic education and national development :
|b lessons from China and India /
|c Manzoor Ahmed ; with Cheng Kai Ming, A.K. Jalaluddin, K. Ramachandran.
|
| 260 |
|
|
|a New York, N.Y. :
|b UNICEF,
|c 1991.
|
| 300 |
|
|
|a xii, 265 p. :
|b ill. ;
|c 22 cm.
|
| 490 |
0 |
|
|a Studies in development economics
|
| 500 |
|
|
|a Based on two earlier reports: Basic evaluation and national development : forty years of Chinese experience, and Basic Education and national development : the Indian scene.
|
| 504 |
|
|
|a Includes bibliographical references and index.
|
| 541 |
1 |
|
|e 00005403
|
| 650 |
|
0 |
|a Basic education
|z China.
|
| 650 |
|
0 |
|a Basic education
|z India.
|
| 650 |
|
0 |
|a Education and state
|z China.
|
| 650 |
|
0 |
|a Education and state
|z India.
|
| 700 |
1 |
|
|a Cheng, Kai Ming.
|
| 700 |
1 |
|
|a Ramachandran, K.
|
| 710 |
2 |
|
|a UNICEF.
|
| 852 |
4 |
|
|a Ayesha Abed Library
|j General shelf
|
| 999 |
|
|
|c 3848
|d 3848
|
| 952 |
|
|
|0 0
|1 0
|2 ddc
|4 0
|6 370_951000000000000_AHM_1991
|7 0
|9 3501
|a BRACUL
|b BRACUL
|c GEN
|d 2009-09-13
|g 1128.00
|l 0
|o 370.951 AHM
|p 3010005403
|r 2009-09-13
|t 1
|w 2009-09-13
|y BK
|